Spread of Islam in India (Record no. 23143)

MARC details
000 -LEADER
fixed length control field 00308nam a22001337a 4500
020 ## - INTERNATIONAL STANDARD BOOK NUMBER
ISBN 9788170263816
082 ## - DEWEY DECIMAL CLASSIFICATION NUMBER
Classification number 297.09 RAM
100 ## - MAIN ENTRY--AUTHOR NAME
Author name Ramkumar, Natrajan
245 ## - TITLE STATEMENT
Title Spread of Islam in India
260 ## - PUBLICATION, DISTRIBUTION, ETC. (IMPRINT)
Place of publication New Delhi
Name of publisher Heritage Publishers
Year of publication 2017
300 ## - PHYSICAL DESCRIPTION
Number of Pages 333
650 ## - SUBJECT ADDED ENTRY--TOPICAL TERM
Topical Term Islam-India
942 ## - ADDED ENTRY ELEMENTS (KOHA)
Koha item type Books
Holdings
Collection code Home library Current library Shelving location Date acquired Source of acquisition Cost, normal purchase price Full call number Accession Number Koha item type
Non-fiction Henry Martyn Institute Library Henry Martyn Institute Library General stacks 09/15/2020 Dasgupta Publishers, Kolkata 1195.00 297.09 RAM 25721 Books
                   Copyright © 2026 | Henry Martyn Institute | Hyderabad | TS-500052 | INDIA | Implemented by hmi.edu.in
Hit-Count:

Powered by Koha